00621cam a2200169 a 4500020001500000040000800015082002600023245007100049260003700120300002600157650005200183650001800235700002100253942001000274999001700284952015000301 a0465011772 cDLC00a327 CLE 1995 C077 Or.00aClearing the fields :bsolutions to the global land mines crisis / aNew York :bBasic Books,cc1995. axiv, 237 p. :c29 cm. 0aMines (Military explosives) (International law) 0aHuman rights.1 aCahill, Kevin M. cAEDBB c21339d21339 0010406327_000000000000000_CLE_1995_C077_OR70993286aLBCbLBCcC077d2023-05-16o327 CLE 1995 C077 Or.pa38517r2023-05-16w2023-05-16yAEDBB